Metódy a techniky súčasného manažmentu bakalárska práca

Gespeichert in:
Bibliographische Detailangaben
1. Verfasser: Ostrožlíková, Miriama
Körperschaft: Fakulta podnikového manažmentu EU. Katedra manažmentu
Weitere Verfasser: Chorváthová, Daniela
Format: Buch
Sprache:Slowakisch
Veröffentlicht: Bratislava 2010
Tags: Tag hinzufügen
Keine Tags, Fügen Sie das erste Tag hinzu!

MARC

LEADER 00000nbm a2200000 4500
001 0133594
005 20161109111538.8
041 0 |a slo 
044 |a SK 
245 1 0 |a Metódy a techniky súčasného manažmentu  |b bakalárska práca  |c Miriama Ostrožlíková ; školiteľ: Daniela Chorváthová 
264 1 |a Bratislava  |c 2010 
300 |a 52 s. 
100 1 |a Ostrožlíková, Miriama 
700 1 |a Chorváthová, Daniela 
710 2 |a Fakulta podnikového manažmentu EU. Katedra manažmentu